01062nam a22002777a 450000100040000000500170000400800410002102000180006204000230008005000270010308200140013010000270014424500350017125000450020626000350025130000240028650500080031052002370031852100200055552100200057565000410059565000290063665000320066565000320069765000550072994220230714151754.0230714b cb ||||| |||| 00| 0 eng d a9780316043052 aDLCcDLCdDLCbeng00aPZ7.R3476235bSug 201300a813.62231 aRhodes, Jewell Parker.10aSugar /cJewell Parker Rhodes. aFirst Scholastic printing, January 2015  aNew York :bScholastic,c2015. a272 pages ;c20 cm. aJ  aIn 1870, Reconstruction brings big changes to the Louisiana sugar plantation where spunky ten-year-old Sugar has always lived, including her friendship with Billy, the son of her former master, and the arrival of workmen from China. a430 bLexile  aJ bRaz-Plus  1aPlantation lifezLouisianavFiction. 1aRace relationsvFiction. 1aAfrican AmericansvFiction. 1aChinese AmericansvFiction. 1aReconstruction (U.S. history, 1865-1877)vFiction.